000 01094cam a22002775a 4500
001 E152706
002 18642
008 100428s2010 xxkd f 001 0 eng d
020 _a9781907196133
035 _a(Sirsi) u152706
041 0 _aeng
050 0 4 _a692.5 $2 18
110 2 _aBuilding Cost Information Service
_91096
245 0 0 _aWessex painting and decorating price book
_b2010
250 _a18th ed.
260 _aPoole
_bBCIS
_c2011
300 _av, 174p.
_c19cm.
350 _a40
520 _aProvides guide prices for for painting and decoration in new buildings and for redecoration in existing properties. The rates are presented in the following sections: basic rates; new internal work; new external work; wall coverings; internal redecoration; external redecoration; and composite prices. Prices revised and current as to December 2010.
520 _aSupersedes 17th ed. (ISBN 978190482).
521 _aAdvanced
590 _aKA
651 4 _aUnited Kingdom
_y
690 _aBUILT ENVIRONMENT-BUILDING MAINTENANCE AND REFURBISHMENT-MAINTENANCE COSTS
942 _n0
999 _c112176
_d112176